00486cam a22001811 4500001000800000005001700008008004100025010001700066035001800083040002500101041000800126080001200134082002000146100000700166101000800173245009100181504003200272744473520180315045348.0720628s1953 nyu b 000 0 eng  a 53009139  a(OCoLC)343743 aDLCcOAUdOCoLCdDLC aeng a780.92200a780.922 CRO2221 a45 aMUZ10aEncyclopedia of the great composers and their musicc[by] Milton Cross and David Ewen. aBibliography: p. [965]-977.